Jesús
محفوظ في:
| المؤلف الرئيسي: | |
|---|---|
| التنسيق: | كتاب |
| اللغة: | الإسبانية |
| منشور في: |
Ciudad de México
UTEHA
1961
|
| سلاسل: | La Evolución de la Humanidad. Síntesis Colectiva. Sección Segunda: Orígenes del Cristianismo y Edad Media, 44
|
| الموضوعات: | |
| الوسوم: |
إضافة وسم
لا توجد وسوم, كن أول من يضع وسما على هذه التسجيلة!
|
MARC
| LEADER | 00000cam a2200000 a 4500 | ||
|---|---|---|---|
| 001 | UCF1083 | ||
| 003 | CL-VaPUC | ||
| 008 | 120621e19610000MX |||||||||||||||||spa|d | ||
| 082 | 0 | 4 | |a 232 |b GUI |2 21 |
| 100 | |a Guignebert, Charles |e author |9 579023 | ||
| 245 | 1 | 0 | |a Jesús |
| 300 | |a 495 p | ||
| 942 | |c BK | ||
| 945 | |d 20120621 00:00:00 |a cmena | ||
| 260 | |a Ciudad de México |b UTEHA |c 1961 | ||
| 600 | 0 | |a Jesús |9 313614 | |
| 650 | 0 | |a Historia de la religión |9 313185 | |
| 650 | 0 | |a Fuentes de la historia |9 323547 | |
| 583 | |a last modification |c 20120621 10:53:00 |k Rodrigo Vera | ||
| 490 | 0 | |a La Evolución de la Humanidad. Síntesis Colectiva. Sección Segunda: Orígenes del Cristianismo y Edad Media, 44 | |
| 999 | |c 348057 |d 348055 | ||
| 952 | |0 0 |1 0 |2 ddc |4 0 |6 232_000000000000000_GUI_1961 |7 0 |8 A |9 449921 |a BIBART |b BIBART |d 2019-11-22 |i 4811674 |o 232 GUI 1961 |p 4811674 |r 2023-01-11 |w 2019-11-22 |y BK |k ART | ||
| 952 | |0 0 |1 0 |3 erd |4 0 |6 232_000000000000000_GUI_1961 |7 0 |8 A |9 449922 |a FDOHBE |b FDOHBE |e Huesbe Llanos, Marco Antonio, 1934- |i 5334470 |o 232 GUI 1961 |p 5334470 |r 2024-01-30 |w 2019-11-22 |y BK |z Catalogado en:20160623 |k HBE | ||